El vecino.

שמור ב:
מידע ביבליוגרפי
מחבר ראשי: García López, Santiago (autor)
פורמט: ספר
יצא לאור: Bilbao, España: Astiberri Ediciones, 2010.
מהדורה:1.ª edición.
סדרה:Colección Sillón Orejero.
נושאים:
תגים: הוספת תג
אין תגיות, היה/י הראשונ/ה לתייג את הרשומה!

MARC

LEADER 00000nam a22000007a 4500
003 CL-VaPUC
005 20250321101919.0
008 250114t2010 ||||| |||| 00| 0 eng d
999 |c 446505  |d 446503 
020 |a 978-84-92769-28-5 
040 |c Pontificia Universidad Católica de Valparaíso 
082 7 |a 741.5946 GAR 2010  |2 22 
100 1 |a García López, Santiago   |e autor  |9 895383 
245 1 3 |a El vecino. 
250 |a 1.ª edición. 
260 |a Bilbao, España:  |b Astiberri Ediciones,   |c 2010. 
300 |a Volumen 1 :  |b  ilustraciones. 
490 |a Colección Sillón Orejero.  
500 |a c.1. Instituto Arcos. 
583 |c 20250114  |k GC 
650 |a Cómics  |z España  |9 895384 
942 |2 ddc  |c BK  |n 0 
952 |0 0  |1 0  |2 ddc  |4 0  |6 741_594600000000000_GAR_2010  |7 0  |8 A  |9 599277  |a BIBINC  |b BIBINC  |d 2025-01-14  |e Instituto Arcos  |i 5664330  |o 741.5946 GAR 2010  |p 5664330  |r 2025-01-14  |t 1  |w 2025-01-14  |y BK  |k IFP